[Event "I Festival A"]
[Site "Fano ITA"]
[Date "2012.08.03"]
[Round "6"]
[White "Varvaglione, Antonio"]
[Black "Buriani, Andrea"]
[WhiteElo "2011"]
[BlackElo "2174"]
[Result "0-1"]
[PlyCount "34"]
[EventDate "2012.07.30"]

1. Nf3 d5 2. g3 Nf6 3. Bg2 Bg4 4. O-O e6 5. d3 Bd6 6. Nbd2 Nbd7 7. e4 c6 8. Re1
Qc7 9. c3 O-O-O 10. Qc2 h5 11. h3 Bxf3 12. Nxf3 h4 13. Nxh4 Bxg3 14. fxg3 Qxg3
15. Nf3 Rxh3 16. Qf2 Rh1+ 17. Kxh1 Qxf2 0-1

[Event "I Festival A"]
[Site "Fano ITA"]
[Date "2012.08.03"]
[Round "6"]
[White "Vincenzi, Marco"]
[Black "Rago, Riccardo"]
[WhiteElo "2103"]
[BlackElo "2079"]
[Result "1/2-1/2"]
[PlyCount "104"]
[EventDate "2012.07.30"]

1. d4 Nf6 2. Bg5 e6 3. e4 Be7 4. Bd3 d6 5. Nf3 h6 6. Bh4 c5 7. c3 cxd4 8. cxd4
Nc6 9. Nc3 g5 10. Bg3 g4 11. d5 gxf3 12. dxc6 fxg2 13. Rg1 bxc6 14. Rxg2 e5 15.
Bc4 Bh3 16. Rg1 Qb6 17. Qb3 Qxb3 18. axb3 Be6 19. Ke2 Kd7 20. Rgd1 Kc7 21. f3
Rhb8 22. Ra2 Nh5 23. Rda1 a5 24. Kd3 Rb4 25. Rxa5 Rxa5 26. Rxa5 Bxc4+ 27. bxc4
Rxb2 28. Ra7+ Rb7 29. Ra8 Kd7 30. Rh8 Bg5 31. c5 Nf4+ 32. Bxf4 Bxf4 33. cxd6
Kxd6 34. Kc4 Rb2 35. Rd8+ Ke7 36. Rc8 Kd7 37. Rf8 Rxh2 38. Rxf7+ Ke6 39. Rc7
Kd6 40. Rg7 Rf2 41. Rg6+ Kd7 42. Rg7+ Ke6 43. Rg6+ Kf7 44. Rxc6 Rxf3 45. Nd5
Bg5 46. Kc5 h5 47. Kd6 h4 48. Kxe5 h3 49. Rc2 Bh6 50. Rc6 Kg7 51. Rc7+ Kg6 52.
Rc6+ Kg7 1/2-1/2

[Event "I Festival A"]
[Site "Fano ITA"]
[Date "2012.08.03"]
[Round "7"]
[White "Arnaudov, G. Petar"]
[Black "Fico, Massimiliano"]
[WhiteElo "2486"]
[BlackElo "2281"]
[Result "1-0"]
[PlyCount "47"]
[EventDate "2012.07.30"]

1. c4 Nc6 2. d4 d5 3. Nc3 Nf6 4. Nf3 Bf5 5. cxd5 Nxd5 6. Qb3 e6 7. e4 Nxc3 8.
exf5 Nd5 9. a3 Rb8 10. fxe6 fxe6 11. Bd3 Be7 12. Qc2 Nf6 13. Be3 Qd6 14. Ng5 g6
15. O-O-O Nd8 16. Rhe1 b5 17. Bd2 b4 18. axb4 Rb6 19. Kb1 Rf8 20. Qa4+ Nd7 21.
Nxh7 Rxf2 22. Bxg6+ Nf7 23. Rf1 Qxd4 24. Bc3 1-0

[Event "I Festival A"]
[Site "Fano ITA"]
[Date "2012.08.03"]
[Round "7"]
[White "Brancaleoni, Maurizio"]
[Black "Caprio, Guido"]
[WhiteElo "2224"]
[BlackElo "2430"]
[Result "1/2-1/2"]
[PlyCount "173"]
[EventDate "2012.07.30"]

1. Nf3 Nf6 2. c4 c5 3. Nc3 b6 4. e4 d6 5. d4 cxd4 6. Nxd4 Bb7 7. f3 e6 8. Be3
Be7 9. Be2 O-O 10. O-O a6 11. a4 Nc6 12. Nxc6 Bxc6 13. b4 a5 14. b5 Bb7 15. Qb3
Rc8 16. Rfd1 Qc7 17. Rac1 Nd7 18. Nb1 Rfe8 19. Nd2 Nc5 20. Qa2 Qb8 21. Nb3 Nd7
22. Bf1 Ba8 23. Qf2 Bd8 24. Qg3 Ne5 25. Nd4 Bc7 26. Qf2 Ng6 27. g3 Ne5 28. Bf4
Ng6 29. Be3 Rcd8 30. Bg2 Ne5 31. Bf4 Nd7 32. Nb3 h6 33. h4 Nf6 34. g4 Nd7 35.
Qg3 e5 36. Be3 Nc5 37. Nxc5 dxc5 38. g5 Rd4 39. gxh6 g6 40. h5 Kh7 41. hxg6+
fxg6 42. Kf2 Qd8 43. Ke2 Qe7 44. Bh3 Qf7 45. Qg4 Bb7 46. Bxd4 exd4 47. Qd7 Re7
48. Qg4 Bf4 49. Rc2 Qf6 50. Kd3 Qe5 51. Re2 Bxh6 52. Rg1 Qf6 53. Reg2 Rf7 54.
Rf1 Re7 55. Re1 Bc8 56. Qg3 Bxh3 57. Qxh3 Rf7 58. e5 Qxf3+ 59. Qxf3 Rxf3+ 60.
Ke4 Rf4+ 61. Kd5 d3 62. e6 d2 63. Rxd2 Rf5+ 64. Kc6 Bxd2 65. e7 Rf6+ 66. Kd7
Bxe1 67. e8=Q Bc3 68. Kc7 Bd4 69. Qe4 Kh6 70. Qh4+ Kg7 71. Kd8 Rd6+ 72. Kc7 Re6
73. Kd7 Rf6 74. Qg4 Be5 75. Qe4 Bf4 76. Ke8 g5 77. Qb7+ Kg6 78. Qe4+ Kh5 79.
Qh1+ Kg4 80. Qg2+ Kh4 81. Qf2+ Kg4 82. Qg2+ Kf5 83. Qd5+ Kg4 84. Qg2+ Kf5 85.
Qd5+ Be5 86. Qf3+ Bf4 87. Qd5+ 1/2-1/2

[Event "I Festival A"]
[Site "Fano ITA"]
[Date "2012.08.03"]
[Round "7"]
[White "Buriani, Andrea"]
[Black "Calavalle, Giulio"]
[WhiteElo "2174"]
[BlackElo "2185"]
[Result "1/2-1/2"]
[PlyCount "42"]
[EventDate "2012.07.30"]

1. d4 d5 2. Nf3 Nf6 3. e3 e6 4. Bd3 Be7 5. O-O b6 6. b3 O-O 7. Bb2 Bb7 8. Nbd2
Nbd7 9. c4 Ne4 10. Rc1 Nxd2 11. Qxd2 dxc4 12. bxc4 Bxf3 13. gxf3 c5 14. d5 Bf6
15. f4 Bxb2 16. Qxb2 exd5 17. cxd5 a6 18. a4 Nf6 19. Bc4 Qd6 20. Rfd1 Rfb8 21.
Qe2 Ra7 1/2-1/2

[Event "I Festival A"]
[Site "Fano ITA"]
[Date "2012.08.03"]
[Round "7"]
[White "Chierici, Marianna"]
[Black "Varvaglione, Antonio"]
[WhiteElo "2050"]
[BlackElo "2011"]
[Result "1/2-1/2"]
[PlyCount "92"]
[EventDate "2012.07.30"]

1. d4 Nf6 2. Bg5 e6 3. e4 h6 4. Bxf6 Qxf6 5. e5 Qd8 6. Nc3 Be7 7. Qg4 O-O 8.
O-O-O d5 9. h4 c5 10. Rh3 cxd4 11. Rg3 g6 12. Nb5 Bxh4 13. f4 Bxg3 14. Qxg3 Nc6
15. Bd3 Ne7 16. Nf3 Kg7 17. Rh1 Rh8 18. Qh4 Nf5 19. Qh3 a6 20. Na3 Qb6 21. g4
Ne3 22. Qh4 Qd8 23. Qg3 Nc4 24. Bxc4 dxc4 25. Nxc4 Qd5 26. b3 Qc5 27. Qh4 Bd7
28. Qf6+ Kg8 29. Nd6 Be8 30. f5 d3 31. Nd4 Qxd4 32. fxg6 d2+ 33. Kb1 d1=Q+ 34.
Rxd1 Qxd1+ 35. Kb2 Qxg4 36. gxf7+ Kh7 37. Qxh8+ Kxh8 38. f8=Q+ Kh7 39. Nxe8
Qd4+ 40. Kb1 Qg1+ 41. Kb2 Rxe8 42. Qxe8 Qd4+ 43. Kc1 Qa1+ 44. Kd2 Qd4+ 45. Kc1
Qa1+ 46. Kd2 Qd4+ 1/2-1/2

[Event "I Festival A"]
[Site "Fano ITA"]
[Date "2012.08.03"]
[Round "7"]
[White "Collutiis, Duilio"]
[Black "Pulito, Alberto"]
[WhiteElo "2508"]
[BlackElo "2252"]
[Result "1/2-1/2"]
[PlyCount "146"]
[EventDate "2012.07.30"]

1. g3 d5 2. Nf3 Nf6 3. Bg2 e6 4. c4 Be7 5. O-O O-O 6. b3 b6 7. Bb2 Bb7 8. e3
Nbd7 9. Qe2 c5 10. Nc3 Rc8 11. Rfd1 Qc7 12. cxd5 exd5 13. d4 c4 14. Ne5 cxb3
15. axb3 a6 16. Rdc1 Qd8 17. Bh3 Rc7 18. Na4 b5 19. Rxc7 Qxc7 20. Rc1 Qd8 21.
Nxd7 Nxd7 22. Nc5 Nxc5 23. dxc5 Bc6 24. Bg2 a5 25. Bd4 Bf6 26. Rd1 Bxd4 27.
Rxd4 Qe7 28. Qc2 Rd8 29. h4 h6 30. Qd2 a4 31. bxa4 bxa4 32. Bxd5 Bxd5 33. Rxd5
Rxd5 34. Qxd5 Kh7 35. Qc4 g6 36. Qc3 Qa7 37. c6 a3 38. c7 a2 39. c8=Q a1=Q+ 40.
Qxa1 Qxa1+ 41. Kg2 h5 42. Qd7 Qa8+ 43. Kh2 Qa2 44. Kg2 Qa8+ 45. Kf1 Qa6+ 46.
Ke1 Qa2 47. Qc6 Kg7 48. Kf1 Kh7 49. Kg2 Kg7 50. e4 Qe2 51. Qc3+ Kg8 52. Qe3 Qb5
53. Kh2 Qb2 54. Qf4 Qa2 55. e5 Qd5 56. Qe3 Kh7 57. Qe2 Qb7 58. f3 Qd7 59. Kg2
Qd5 60. Qe3 Qa2+ 61. Kh3 Kg7 62. g4 hxg4+ 63. fxg4 Qd5 64. Kg3 Qa2 65. Qf2 Qb3+
66. Qf3 Qb1 67. Qc3 Qg1+ 68. Kf4 Qh2+ 69. Qg3 Qd2+ 70. Qe3 g5+ 71. hxg5 Qh2+
72. Ke4 Qc2+ 73. Qd3 Qg2+ 1/2-1/2

[Event "I Festival A"]
[Site "Fano ITA"]
[Date "2012.08.03"]
[Round "7"]
[White "Djuric, Stefan"]
[Black "Rusev, Krasimir"]
[WhiteElo "2442"]
[BlackElo "2540"]
[Result "1-0"]
[PlyCount "36"]
[EventDate "2012.07.30"]

1. e4 c5 2. Nf3 d6 3. g3 Nc6 4. Bg2 g6 5. O-O Bg7 6. c3 e5 7. d3 Nge7 8. a3 O-O
9. b4 b6 10. Nbd2 h6 11. b5 Na5 12. Bb2 Be6 13. Rc1 Qd7 14. a4 a6 15. c4 Nb7
16. Kh1 f5 17. exf5 gxf5 18. Nh4 f4 {...} 1-0

[Event "I Festival A"]
[Site "Fano ITA"]
[Date "2012.08.03"]
[Round "7"]
[White "Faini, Marco"]
[Black "Rovedi, Mauro"]
[WhiteElo "1908"]
[BlackElo "2056"]
[Result "1/2-1/2"]
[PlyCount "82"]
[EventDate "2012.07.30"]

1. c4 g6 2. g3 Bg7 3. Bg2 Nf6 4. Nc3 d6 5. e4 e5 6. Nge2 Nc6 7. d3 O-O 8. Rb1
a5 9. a3 Bd7 10. O-O Qc8 11. b4 Bh3 12. b5 Bxg2 13. Kxg2 Ne7 14. h3 Nd7 15. Be3
b6 16. Qc2 f5 17. f4 Qb7 18. Nd5 Nxd5 19. exd5 Rae8 20. Rbe1 Re7 21. Nc3 Rfe8
22. fxe5 Rxe5 23. Bf2 Qa8 24. Rxe5 Rxe5 25. Bd4 Re7 26. Bxg7 Kxg7 27. Rf2 Qe8
28. Re2 Nc5 29. Kf2 Kf6 30. d4 Rxe2+ 31. Qxe2 Qxe2+ 32. Kxe2 Ne4 33. Nxe4+ fxe4
34. Ke3 Kf5 35. a4 h6 36. Kf2 h5 37. Ke3 g5 38. Kf2 g4 39. h4 Kg6 40. Ke2 Kf6
41. Ke3 Kf5 1/2-1/2

[Event "I Festival A"]
[Site "Fano ITA"]
[Date "2012.08.03"]
[Round "7"]
[White "Gambardella, Piero"]
[Black "Petrone, Gianmario"]
[WhiteElo "1992"]
[BlackElo "1930"]
[Result "1-0"]
[PlyCount "75"]
[EventDate "2012.07.30"]

1. d4 Nf6 2. c4 g6 3. Nc3 Bg7 4. e4 d6 5. f3 O-O 6. Bg5 c5 7. d5 e6 8. Qd2 exd5
9. cxd5 a6 10. a4 Re8 11. Nge2 Nbd7 12. Ng3 Qc7 13. Be2 Rb8 14. O-O h5 15. h3
Nh7 16. Bh6 Bd4+ 17. Be3 Bg7 18. f4 Nhf6 19. e5 dxe5 20. d6 Qa5 21. f5 Qb4 22.
fxg6 fxg6 23. a5 b5 24. axb6 Rxb6 25. Rfb1 Qh4 26. Kh2 Ng4+ 27. Bxg4 hxg4 28.
Bg5 Qh7 29. Nd5 Rb7 30. Ne4 gxh3 31. g4 Rb3 32. Ra3 c4 33. Rxb3 cxb3 34. Rc1
Bb7 35. Rc7 Bc8 36. Rxd7 Bxd7 37. Ndf6+ Bxf6 38. Nxf6+ 1-0

[Event "I Festival A"]
[Site "Fano ITA"]
[Date "2012.08.03"]
[Round "7"]
[White "Laketic, Gojko"]
[Black "Pein, Malcolm"]
[WhiteElo "2440"]
[BlackElo "2377"]
[Result "1/2-1/2"]
[PlyCount "50"]
[EventDate "2012.07.30"]

1. d4 Nf6 2. c4 g6 3. Nc3 d5 4. cxd5 Nxd5 5. Bd2 Bg7 6. e4 Nb6 7. Be3 O-O 8. h3
e5 9. Nf3 exd4 10. Bxd4 Nc6 11. Bxg7 Kxg7 12. Bb5 Qxd1+ 13. Rxd1 Ne7 14. Nd4
Rd8 15. O-O a6 16. Be2 Bd7 17. Nb3 Na4 18. Nxa4 Bxa4 19. f4 Bxb3 20. axb3 Nc6
21. Kf2 Na5 22. Rc1 c6 23. Rc3 Rd4 24. Re1 b6 25. Ke3 c5 1/2-1/2

[Event "I Festival A"]
[Site "Fano ITA"]
[Date "2012.08.03"]
[Round "7"]
[White "Mandolini, Riccardo"]
[Black "Cardarelli, Angelo"]
[WhiteElo "2091"]
[BlackElo "1954"]
[Result "1-0"]
[PlyCount "49"]
[EventDate "2012.07.30"]

1. e4 e6 2. d4 d5 3. Nc3 Nf6 4. e5 Nfd7 5. f4 c5 6. Nf3 Nc6 7. Be3 cxd4 8. Nxd4
Bc5 9. Na4 Be7 10. c4 Nxd4 11. Bxd4 dxc4 12. Bxc4 a6 13. O-O b5 14. f5 O-O 15.
f6 bxc4 16. Qg4 g6 17. Qh4 Bxf6 18. exf6 h5 19. Qg5 Kh7 20. Be3 Nxf6 21. Rxf6
Qd5 22. Qh6+ Kg8 23. Nb6 Qe5 24. Raf1 Bb7 25. Nxa8 1-0

[Event "I Festival A"]
[Site "Fano ITA"]
[Date "2012.08.03"]
[Round "7"]
[White "Marozzi, Giovanni"]
[Black "Di Lascio, Savino"]
[WhiteElo "1928"]
[BlackElo "1946"]
[Result "1-0"]
[PlyCount "103"]
[EventDate "2012.07.30"]

1. e4 c6 2. d4 d5 3. exd5 cxd5 4. Nf3 Nc6 5. Be2 Bf5 6. c3 g6 7. O-O Bg7 8. Bf4
a6 9. Nbd2 Nf6 10. Ne5 Nxe5 11. Bxe5 O-O 12. g4 Bc8 13. g5 Ne4 14. Bxg7 Kxg7
15. Nxe4 dxe4 16. Bg4 e5 17. h4 f5 18. Be2 exd4 19. Qxd4+ Qxd4 20. cxd4 Be6 21.
b3 Rfd8 22. Rfd1 Rac8 23. Rd2 Rc3 24. Rad1 Bd5 25. Bf1 Rdc8 26. Bc4 Bxc4 27.
bxc4 R3xc4 28. d5 Rd8 29. Rd4 Rxd4 30. Rxd4 Kf7 31. a4 Ke7 32. Rb4 Rd7 33. Rb6
Kd8 34. d6 Ke8 35. Kh2 Kf7 36. Kg3 Ke6 37. a5 Ke5 38. f4+ Kd4 39. Rb4+ Kc5 40.
Rb6 Rxd6 41. Rxb7 Rd3+ 42. Kg2 Rd6 43. Rxh7 Kb5 44. Rh6 Kxa5 45. h5 Rd2+ 46.
Kg3 gxh5 47. Rxh5 Kb4 48. g6 Rd6 49. g7 Rd3+ 50. Kg2 Rd2+ 51. Kf1 Rd1+ 52. Ke2
1-0

[Event "I Festival A"]
[Site "Fano ITA"]
[Date "2012.08.03"]
[Round "7"]
[White "Parpinel, Marco"]
[Black "Vincenzi, Marco"]
[WhiteElo "2159"]
[BlackElo "2103"]
[Result "1/2-1/2"]
[PlyCount "34"]
[EventDate "2012.07.30"]

1. e4 e5 2. Nc3 Nf6 3. Bc4 Nc6 4. f4 Bc5 5. Nf3 d6 6. d3 O-O 7. f5 Nd4 8. Bg5
c6 9. a3 d5 10. Ba2 Re8 11. g4 Qd6 12. Bxf6 Qxf6 13. exd5 Qh6 14. Nxd4 Qh4+ 15.
Kd2 Qg5+ 16. Ke1 Qh4+ 17. Kd2 Qg5+ 1/2-1/2

[Event "I Festival A"]
[Site "Fano ITA"]
[Date "2012.08.03"]
[Round "7"]
[White "Piro, Valerio"]
[Black "Tonel, Giulia"]
[WhiteElo "2013"]
[BlackElo "1967"]
[Result "1-0"]
[PlyCount "107"]
[EventDate "2012.07.30"]

1. e4 d6 2. d4 Nf6 3. Nc3 g6 4. Bc4 Bg7 5. Nge2 O-O 6. f3 c6 7. Be3 b5 8. Bd3
a6 9. Ng3 Nbd7 10. Qd2 Re8 11. Bh6 Bh8 12. Nce2 e5 13. c3 Nb6 14. O-O exd4 15.
Nxd4 c5 16. Nde2 Bb7 17. Bg5 Qc7 18. Qf4 Nfd7 19. Rad1 f6 20. Bh6 Ne5 21. Qc1
d5 22. Bf4 c4 23. Bc2 Qe7 24. Nd4 Rad8 25. Rfe1 dxe4 26. Bxe4 Bxe4 27. Rxe4 Qc5
28. Be3 Nd5 29. Bf2 Nd3 30. Qd2 Qd6 31. Rxe8+ Rxe8 32. Ne4 Qd7 33. Ng3 f5 34.
Nge2 Be5 35. Bg3 f4 36. Bf2 Ne3 37. Ra1 a5 38. Kh1 Nd5 39. Bg1 Rd8 40. Nc1 Nc5
41. Nce2 b4 42. Rd1 Qa4 43. Ra1 Nd3 44. Nc1 Nxb2 45. Qxb2 Nxc3 46. Nce2 Qd7 47.
Qd2 Qg7 48. Rc1 Nxe2 49. Qxe2 Bxd4 50. Qxc4+ Kf8 51. Rd1 Bf6 52. Bc5+ Ke8 53.
Re1+ Be5 54. Qe6+ 1-0

[Event "I Festival A"]
[Site "Fano ITA"]
[Date "2012.08.03"]
[Round "7"]
[White "Prohaszka, Peter"]
[Black "David, Alberto"]
[WhiteElo "2562"]
[BlackElo "2605"]
[Result "1/2-1/2"]
[PlyCount "21"]
[EventDate "2012.07.30"]

1. d4 Nf6 2. c4 e6 3. Nf3 d5 4. g3 Be7 5. Bg2 O-O 6. O-O dxc4 7. Qc2 b5 8. a4
b4 9. Nbd2 Bb7 10. Nxc4 Be4 11. Qb3 1/2-1/2

[Event "I Festival A"]
[Site "Fano ITA"]
[Date "2012.08.03"]
[Round "7"]
[White "Rago, Riccardo"]
[Black "Iasman, Inna"]
[WhiteElo "2079"]
[BlackElo "1970"]
[Result "1/2-1/2"]
[PlyCount "41"]
[EventDate "2012.07.30"]

1. e4 c6 2. d4 d5 3. Nd2 dxe4 4. Nxe4 Nd7 5. Nf3 Ngf6 6. Nxf6+ Nxf6 7. Bc4 Bf5
8. O-O e6 9. Qe2 Be7 10. h3 O-O 11. Bf4 Qb6 12. c3 c5 13. Rad1 cxd4 14. Nxd4
Bg6 15. Nb3 Rac8 16. Bd3 Bxd3 17. Rxd3 Rfd8 18. Rfd1 Rxd3 19. Rxd3 Rd8 20. Be3
Qc7 21. Rxd8+ 1/2-1/2

[Event "I Festival A"]
[Site "Fano ITA"]
[Date "2012.08.03"]
[Round "7"]
[White "Salzano, Guido"]
[Black "Rubini, Alessandro"]
[WhiteElo "2023"]
[BlackElo "1917"]
[Result "1-0"]
[PlyCount "71"]
[EventDate "2012.07.30"]

1. e4 c5 2. Nc3 e6 3. g3 Nc6 4. Bg2 g6 5. d3 Bg7 6. Be3 d6 7. Qd2 Nge7 8. Bh6
O-O 9. h4 f5 10. h5 Qe8 11. Nb5 Qd8 12. Bxg7 Kxg7 13. hxg6 hxg6 14. Qh6+ Kf7
15. Nf3 a6 16. Ng5+ Ke8 17. Nc3 Nd4 18. O-O-O Kd7 19. e5 d5 20. Nh7 Rf7 21.
Nf6+ Kc7 22. Qf4 Kb6 23. Rh6 Ka7 24. Rdh1 Qa5 25. Kb1 b5 26. Rh7 Rxh7 27. Rxh7
Qd8 28. Nfxd5 exd5 29. Nxd5 Ndc6 30. Nxe7 Nxe7 31. Bxa8 Kxa8 32. Qg5 Nc6 33.
Qxd8 Nxd8 34. Rh8 Nc6 35. Rxc8+ Kb7 36. Rxc6 1-0

[Event "I Festival A"]
[Site "Fano ITA"]
[Date "2012.08.03"]
[Round "7"]
[White "Sindoni, Antonio"]
[Black "Rizzardi, Franco"]
[WhiteElo "1931"]
[BlackElo "2026"]
[Result "0-1"]
[PlyCount "58"]
[EventDate "2012.07.30"]

1. e4 e6 2. d4 d5 3. Nc3 Bb4 4. e5 c5 5. a3 Bxc3+ 6. bxc3 Ne7 7. h4 Qa5 8. Bd2
Qa4 9. Bd3 c4 10. Be2 Nbc6 11. h5 h6 12. Qc1 Bd7 13. Rb1 O-O-O 14. Qb2 b6 15.
Nf3 Rdf8 16. Rh4 Nf5 17. Rf4 g5 18. hxg6 fxg6 19. Rg4 g5 20. Ng1 Be8 21. Nh3
Bh5 22. Re4 dxe4 23. Bxh5 Nce7 24. Be2 Nd5 25. Qa2 b5 26. Qb2 a6 27. Qc1 Rhg8
28. Qd1 e3 29. Bc1 Nxc3 0-1

[Event "I Festival A"]
[Site "Fano ITA"]
[Date "2012.08.03"]
[Round "7"]
[White "Solodovnichenko, Yuri"]
[Black "Banusz, Tamas"]
[WhiteElo "2598"]
[BlackElo "2556"]
[Result "1/2-1/2"]
[PlyCount "118"]
[EventDate "2012.07.30"]

1. e4 c5 2. Nf3 Nc6 3. Bb5 g6 4. Bxc6 dxc6 5. d3 Bg7 6. h3 Nf6 7. Nc3 Nd7 8.
Be3 e5 9. Qd2 Qe7 10. Bh6 Bxh6 11. Qxh6 f6 12. Nh4 Qf8 13. Qd2 Qe7 14. Qh6 Qf8
15. Qd2 Qe7 16. g3 Nb6 17. Qh6 Qf8 18. Qxf8+ Rxf8 19. b3 Ke7 20. f4 Be6 21. Nf3
Nd7 22. Kd2 b6 23. Raf1 Kd6 24. Nh4 Ke7 25. Rf2 Rg8 26. Nd1 a5 27. Ne3 a4 28.
Ng4 axb3 29. axb3 Rgf8 30. Rhf1 exf4 31. gxf4 f5 32. Ne3 fxe4 33. f5 gxf5 34.
Nhxf5+ Kd8 35. dxe4 Kc7 36. Rg1 Rf7 37. Ng4 Raf8 38. Ngh6 Rf6 39. Ke3 Rg6 40.
Rfg2 Bxf5 41. Nxf5 Re6 42. Rf2 Nf6 43. Rg7+ Kb8 44. Ng3 Nd5+ 45. Ke2 Nc3+ 46.
Kf1 Rxf2+ 47. Kxf2 Nxe4+ 48. Nxe4 Rxe4 49. Rxh7 c4 50. Rf7 cxb3 51. cxb3 Rb4
52. Rf3 c5 53. Kg3 c4 54. bxc4 Rxc4 55. h4 Kb7 56. h5 Ka6 57. Rf7 Ka5 58. h6 b5
59. Rb7 Rc8 1/2-1/2

[Event "I Festival A"]
[Site "Fano ITA"]
[Date "2012.08.03"]
[Round "7"]
[White "Stella, Andrea"]
[Black "Gallucci, Alessio"]
[WhiteElo "2442"]
[BlackElo "2245"]
[Result "1-0"]
[PlyCount "99"]
[EventDate "2012.07.30"]

1. Nf3 Nf6 2. c4 g6 3. g3 Bg7 4. Bg2 O-O 5. O-O c5 6. Nc3 Nc6 7. d3 d5 8. Nxd5
Nxd5 9. cxd5 Qxd5 10. Be3 Qh5 11. Rc1 Bxb2 12. Rxc5 Qg4 13. d4 Rd8 14. Rxc6
bxc6 15. Qb3 Bxd4 16. h3 Qh5 17. Nxd4 Bxh3 18. Bxh3 Qxh3 19. Nxc6 Re8 20. Qd5
Qe6 21. Qxe6 fxe6 22. Nxa7 Reb8 23. Rc1 Rb7 24. Rc8+ Rxc8 25. Nxc8 Rb1+ 26. Kg2
Ra1 27. Nxe7+ Kf7 28. Nc6 Rxa2 29. Kf3 Ra4 30. Ne5+ Kf6 31. Ng4+ Kf5 32. Nh6+
Kf6 33. Ng4+ Kf5 34. Nh2 h5 35. Kg2 Ra2 36. Nf3 e5 37. Nd2 Ra3 38. Bc5 Ra2 39.
e4+ Kf6 40. Be3 Ra4 41. Kf3 g5 42. g4 h4 43. Kg2 Rb4 44. Kh3 Ra4 45. Nf3 Rxe4
46. Bxg5+ Ke6 47. Be3 Ra4 48. Nxh4 Ra1 49. Kg3 Rg1+ 50. Kf3 1-0

[Event "I Festival A"]
[Site "Fano ITA"]
[Date "2012.08.04"]
[Round "8"]
[White "Banusz, Tamas"]
[Black "Djuric, Stefan"]
[WhiteElo "2556"]
[BlackElo "2442"]
[Result "1-0"]
[PlyCount "77"]
[EventDate "2012.07.30"]

1. Nf3 d5 2. d4 Nf6 3. c4 dxc4 4. Nc3 a6 5. e4 b5 6. e5 Nd5 7. a4 Nxc3 8. bxc3
Qd5 9. Be2 Bb7 10. O-O e6 11. Ne1 Nc6 12. Bf3 Qd7 13. Be4 Rb8 14. axb5 axb5 15.
Qg4 g6 16. Nf3 h5 17. Qh4 Be7 18. Bg5 Nd8 19. Bxb7 Nxb7 20. Ra7 Bxg5 21. Nxg5
Qe7 22. Qf4 O-O 23. Ne4 Kg7 24. Nf6 Rh8 25. Qg5 h4 26. Rb1 c6 27. h3 Qd8 28.
Qf4 Qe7 29. Rba1 Rbd8 30. R1a6 Qc7 31. Ne4 Rb8 32. Qf6+ Kg8 33. Nd6 Rh7 34.
Nxb7 Rxb7 35. Ra8+ Rb8 36. Rxc6 Qb7 37. Rxb8+ Qxb8 38. Rd6 Qf8 39. Rd8 1-0

[Event "I Festival A"]
[Site "Fano ITA"]
[Date "2012.08.04"]
[Round "8"]
[White "Calavalle, Giulio"]
[Black "Gambardella, Piero"]
[WhiteElo "2185"]
[BlackElo "1992"]
[Result "1-0"]
[PlyCount "101"]
[EventDate "2012.07.30"]

1. e4 e6 2. Nf3 d5 3. e5 c5 4. b4 cxb4 5. a3 Nh6 6. axb4 Bxb4 7. c3 Be7 8. d4
Nc6 9. Bd3 Nf5 10. Na3 O-O 11. g4 Nh4 12. Nxh4 Bxh4 13. Rg1 f6 14. Be3 fxe5 15.
g5 e4 16. Bf1 Rf3 17. Nc2 Qf8 18. Qd2 e5 19. dxe5 Be6 20. Nd4 Rxe3+ 21. Qxe3
Nxd4 22. Qxd4 Qf4 23. g6 Rc8 24. gxh7+ Kh8 25. Rg3 Bxg3 26. hxg3 Qf3 27. Rxa7
Bg4 28. Ra1 Rxc3 29. Kd2 Rb3 30. Kc2 Ra3 31. Rxa3 Qxa3 32. Qxd5 Qa4+ 33. Kc3
Qa1+ 34. Kb4 Qb2+ 35. Ka5 Qa3+ 36. Kb6 Qb4+ 37. Bb5 Kxh7 38. e6 Be2 39. Qf5+
Kh6 40. Qf4+ Kg6 41. Qf7+ Kh6 42. Qd7 Bg4 43. Kxb7 e3 44. fxe3 Qe4+ 45. Qc6
Qxe6 46. Qxe6+ Bxe6 47. Kc6 Kg5 48. Kd6 Bb3 49. Bd7 Kf6 50. e4 g6 51. e5+ 1-0

[Event "I Festival A"]
[Site "Fano ITA"]
[Date "2012.08.04"]
[Round "8"]
[White "Caprio, Guido"]
[Black "Buriani, Andrea"]
[WhiteElo "2430"]
[BlackElo "2174"]
[Result "1-0"]
[PlyCount "63"]
[EventDate "2012.07.30"]

1. Nf3 d5 2. d4 Nf6 3. c4 c6 4. cxd5 cxd5 5. Nc3 Qb6 6. e4 dxe4 7. Ne5 e6 8.
Bb5+ Bd7 9. Nxd7 Nbxd7 10. Bg5 Bb4 11. Qa4 Qa5 12. O-O Bxc3 13. bxc3 Qxa4 14.
Bxa4 h6 15. Bd2 O-O 16. Rab1 b6 17. c4 Rfd8 18. Bb4 e5 19. d5 Nc5 20. Bxc5 bxc5
21. Rb7 Ne8 22. Bxe8 Rxe8 23. g4 Kf8 24. Rfb1 Rec8 25. Kf1 a5 26. R1b6 a4 27.
a3 Re8 28. Ke2 Re7 29. Ke3 Rxb7 30. Rxb7 Ra6 31. Kxe4 Rf6 32. Kxe5 1-0

[Event "I Festival A"]
[Site "Fano ITA"]
[Date "2012.08.04"]
[Round "8"]
[White "Cardarelli, Angelo"]
[Black "Vincenzi, Marco"]
[WhiteElo "1954"]
[BlackElo "2103"]
[Result "1/2-1/2"]
[PlyCount "75"]
[EventDate "2012.07.30"]

1. e4 e5 2. Nf3 Nc6 3. Bb5 a6 4. Bxc6 dxc6 5. d3 Bc5 6. O-O Bg4 7. h3 Bh5 8. g4
Bg6 9. Nxe5 Qh4 10. Qf3 O-O-O 11. Be3 Bxe3 12. Qxe3 f6 13. Nxg6 hxg6 14. Kg2
Ne7 15. Qg3 g5 16. Qxh4 Rxh4 17. Nc3 c5 18. Ne2 Nc6 19. a3 c4 20. Rad1 Rdh8 21.
Rh1 cxd3 22. cxd3 Ne5 23. f4 gxf4 24. Nxf4 Rd8 25. b3 Rhh8 26. d4 Nc6 27. Ne6
Rd7 28. d5 Ne5 29. Kg3 g5 30. Rdf1 c6 31. Rxf6 cxd5 32. Rf5 dxe4 33. Rxe5 Rd3+
34. Kg2 Rd2+ 35. Kg3 Rd3+ 36. Kg2 Rd2+ 37. Kf1 Rd1+ 38. Kg2 1/2-1/2

[Event "I Festival A"]
[Site "Fano ITA"]
[Date "2012.08.04"]
[Round "8"]
[White "Collutiis, Duilio"]
[Black "Prohaszka, Peter"]
[WhiteElo "2508"]
[BlackElo "2562"]
[Result "0-1"]
[PlyCount "62"]
[EventDate "2012.07.30"]

1. g3 d5 2. Nf3 Nf6 3. Bg2 e6 4. O-O Be7 5. c4 O-O 6. b3 d4 7. d3 c5 8. b4 cxb4
9. a3 Nc6 10. axb4 Bxb4 11. Ba3 Re8 12. Ne1 Bxa3 13. Rxa3 e5 14. Nd2 Bf5 15.
Qb1 Rb8 16. Nc2 e4 17. Nb4 Qe7 18. Nxc6 bxc6 19. Qa2 e3 20. Rxa7 Qe6 21. fxe3
Qxe3+ 22. Kh1 Bg4 23. Ne4 Bxe2 24. c5 Rf8 25. Nxf6+ gxf6 26. Rxf6 Qc1+ 27. Bf1
Bxf1 28. Raxf7 Bxd3+ 29. Rf1 Qc4 30. Qa7 Be4+ 31. Kg1 Qxf7 0-1

[Event "I Festival A"]
[Site "Fano ITA"]
[Date "2012.08.04"]
[Round "8"]
[White "David, Alberto"]
[Black "Stella, Andrea"]
[WhiteElo "2605"]
[BlackElo "2442"]
[Result "1/2-1/2"]
[PlyCount "62"]
[EventDate "2012.07.30"]

1. e4 e6 2. Qe2 e5 3. Nf3 Nc6 4. c3 Nf6 5. g3 Bc5 6. Bg2 d6 7. b4 Bb6 8. O-O
Ne7 9. d4 Ng6 10. dxe5 Nxe5 11. Nxe5 dxe5 12. Na3 Be6 13. Nc4 Nd7 14. a4 a6 15.
a5 Ba7 16. Rd1 Qe7 17. Ne3 c6 18. Nf5 Bxf5 19. exf5 O-O 20. Bg5 Nf6 21. Bxf6
Qxf6 22. Be4 Rad8 23. h4 g6 24. Qg4 Kg7 25. Kg2 Rxd1 26. Rxd1 Rd8 27. Rxd8 Qxd8
28. Qe2 Qd6 29. Kh3 Qf6 30. Kg2 Qe7 31. Qd3 Bb8 1/2-1/2

[Event "I Festival A"]
[Site "Fano ITA"]
[Date "2012.08.04"]
[Round "8"]
[White "Fico, Massimiliano"]
[Black "Mandolini, Riccardo"]
[WhiteElo "2281"]
[BlackElo "2091"]
[Result "1-0"]
[PlyCount "59"]
[EventDate "2012.07.30"]

1. e4 c5 2. c3 d6 3. d4 Nf6 4. Bd3 e5 5. f4 cxd4 6. cxd4 Nc6 7. d5 Qa5+ 8. Nc3
Bg4 9. Be2 Nd4 10. Bxg4 Nxg4 11. Nge2 Qc5 12. Nxd4 exd4 13. Na4 Qa5+ 14. Bd2
Qa6 15. Qxg4 Qxa4 16. Rc1 Qd7 17. Qxd7+ Kxd7 18. Ke2 g6 19. Kd3 Bg7 20. Rc4
Rac8 21. Rhc1 Rxc4 22. Rxc4 Re8 23. Ra4 a6 24. Rc4 f5 25. exf5 gxf5 26. Ba5
Re3+ 27. Kd2 Re7 28. Rc7+ Ke8 29. Rxe7+ Kxe7 30. Kd3 1-0